00577nam a2200193Ia 450000500170000000800410001702000180005804000180007604100080009408200220010210000200012424500420014425000120018626000500019830000230024865000370027165000380030865000370034620251125113508.0210716s2010 xx 000 0 und d a9780195699616 cAIMIT LIBRARY aeng a005.761 21bTHAR aThareja, Reema. aData warehousing /cBy Reema Thareja. a1st ed. aNew Delhi :bOxford University Press ;c2010. ax, 474p. ;c23 cm. aIntroduction to data warehousing aData warehouse: defining features aArchitecture of a data warehouse